000 00302nam a2200121Ia 4500
008 190216s9999||||xx |||||||||||||| ||und||
100 _aDominic Raj M
245 2 _aA Variety Of Modern Stories
260 _bMacmillan India Ltd
_c1980
300 _a124p
650 _aEnglish Short Stories
942 _cBK
999 _c13156
_d13156